Tim Roth Movies - Statistics

General Stats
  • This quiz has been taken 6 times
  • The average score is 10 of 18
Answer Stats
Release Year Costars Movie % Correct
1994 John Travolta, Samuel L. Jackson Pulp Fiction
83%
1992 Harvey Keitel, Steve Buscemi Reservoir Dogs
83%
2015 Samuel L. Jackson, Kurt Russell The Hateful Eight
83%
2008 Edward Norton, Liv Tyler The Incredible Hulk
83%
2001 Mark Wahlberg, Helena Bonham Carter Planet of the Apes
67%
2014 David Oyelowo, Oprah Winfrey Selma
67%
1995 Antonio Banderas, Madonna Four Rooms
50%
1997 Tupac Shakur, Thandiwe Newton Gridlock'd
50%
2001 Jouko Aloha, Anna Gourari Invincible
50%
2015 Anna Kendrick, Sam Rockwell Mr. Right
50%
2007 Alexandra Maria Lara, Bruno Ganz Youth Without Youth
50%
2005 Jennifer Connelly, John C. Reilly Dark Water
33%
1996 Woody Allen, Drew Barrymore Everyone Says I Love You
33%
1982 Bill Stewart, Eric Richard Made in Britain
33%
1995 Liam Neeson, Jessica Lange Rob Roy
33%
2018 Uma Thurman, Stephen Fry The Con Is On
33%
2021 Pierce Brosnan, Hermione Corfield The Misfits
33%
2019 Clive Owen, Catherine McCormack The Song of Names
33%
No matching quizzes found
Score Distribution
Percent of People with Each Score
Percentile by Number Answered
Your Score History
You have not taken this quiz